Australian Slang- Sudden Death - Statistics

General Stats
  • This quiz has been taken 146 times
    46 since last reset
  • The average score is 11 of 17
Answers on the Grid
Answers color-coded by a green-red scale on the quiz's grid according to % correct below.
Bloke
Barbie
Thong
Oz
Prezzie
Mozzie
Esky
Arvo
Footy
Lippie
Dunny
Bogan
Bludger
Jumbuck
Servo
Yakka
Sanger
Yazza
Dankey
Boffity
Rayno
Dondons
Syddey
Bangaloo
 
Answer Stats
Answer % Correct
Barbeque Barbie
77%
Man Bloke
77%
Football Footy
77%
Mosquito Mozzie
77%
Afternoon Arvo
74%
Toilet Dunny
74%
Australia Oz
74%
Flip-flop Thong
74%
Gas Station Servo
71%
an unrefined person Bogan
68%
a Cooler Esky
65%
Sandwich Sanger
61%
Present Prezzie
58%
Work Yakka
55%
a lazy person Bludger
52%
Lipstick Lippie
52%
Sheep Jumbuck
42%
No matching quizzes found
Score Distribution
Percent of People with Each Score
Percentile by Number Answered
Your Score History
You have not taken this quiz since the last reset